=LDR 00000nam 2200000 4500 =001 INLIS000000000034681 =005 20130612140558 =008 ***********************************ind** =035 ##$$0010-061300000034681 =041 ##$$a ind =082 ##$$a 029.55 =090 ##$$a 028.55, Jef m =100 ##$$a Feffrey, Gary =245 ##$$a Misi antariksa luar biasa/oleh Gary Jeffrey; Alih bahasa, Antonius TM =260 ##$$a 2008 $b Jakarta6BElex Media Komputindo =300 ##$$a 48 hlm., Ilus., 24 cm =650 ##$$a Bacaan Kanak-kanak - Komik =700 ##$$a Antonius TM =850 ##$$a NBPNMAT =990 ##$$a 0001/BPAP-NTB/20142015